ARRUPE JESUIT UNIVERSITY

CORONAVIRUS -STOP THE SPREAD - CLEAN,DISINFECT,COVER

Past, roles and development of theatre arts in SADC / (Record no. 124413)

MARC details
000 -LEADER
fixed length control field 00812cam a2200277 a 4500
001 - CONTROL NUMBER
control field 3120386
003 - CONTROL NUMBER IDENTIFIER
control field ARRUPE
005 - DATE AND TIME OF LATEST TRANSACTION
control field 20160321143058.0
008 - FIXED-LENGTH DATA ELEMENTS--GENERAL INFORMATION
fixed length control field 011205s1999 bs b 100 0 eng d
035 ## - SYSTEM CONTROL NUMBER
System control number (OCoLC)ocm48541472
035 ## - SYSTEM CONTROL NUMBER
System control number (NNC)3120386
040 ## - CATALOGING SOURCE
Original cataloging agency INU
Transcribing agency INU
Modifying agency NNC
043 ## - GEOGRAPHIC AREA CODE
Geographic area code fs-----
050 #4 - LIBRARY OF CONGRESS CALL NUMBER
Classification number PN3000.S6P37 1999
300 ## - PHYSICAL DESCRIPTION
Dimensions 21 cm.
100 ## - MAIN ENTRY--PERSONAL NAME
Personal name Renato Matusse.
9 (RLIN) 23082
245 00 - TITLE STATEMENT
Title Past, roles and development of theatre arts in SADC /
Statement of responsibility, etc editor,
260 ## - PUBLICATION, DISTRIBUTION, ETC. (IMPRINT)
Place of publication, distribution, etc Gaborone, Botswana :
Name of publisher, distributor, etc SADC,
Date of publication, distribution, etc c1999.
300 ## - PHYSICAL DESCRIPTION
Extent 140 p. ;
490 1# - SERIES STATEMENT
Series statement SACIS series ;
Volume number/sequential designation no. 1
504 ## - BIBLIOGRAPHY, ETC. NOTE
Bibliography, etc Includes bibliographical references.
650 #0 - SUBJECT ADDED ENTRY--TOPICAL TERM
Topical term or geographic name as entry element Theater
Geographic subdivision Africa, Southern
9 (RLIN) 23083
700 1# - ADDED ENTRY--PERSONAL NAME
Personal name Matusse, Renato.
9 (RLIN) 23084
830 #0 - SERIES ADDED ENTRY--UNIFORM TITLE
Uniform title SACIS series ;
Volume number/sequential designation no. 1.
9 (RLIN) 23085
942 ## - ADDED ENTRY ELEMENTS (KOHA)
Source of classification or shelving scheme Library of Congress Classification
Koha item type Monograph ( Printed materials)
Holdings
Withdrawn status Lost status Source of classification or shelving scheme Damaged status Not for loan Collection code Home library Current library Shelving location Date acquired Total Checkouts Full call number Barcode Date last seen Price effective from Koha item type
    Library of Congress Classification     Main Collection ARRUPE LIBRARY ARRUPE LIBRARY Main Collection 21/03/2016   PN3000.S6P37 1999 46500007187 27/03/2019 21/03/2016 Monograph ( Printed materials)

 

Arrupe Library. PO Box MP320 Mt Pleasant, Harare, Zimbabwe
263 242 745411|librarian@aju.ac.zw